THE RACKETEER (Record no. 2379)
[ view plain ]
| 000 -LEADER | |
|---|---|
| fixed length control field | 00594nam a22001577a 4500 |
| 020 ## - INTERNATIONAL STANDARD BOOK NUMBER | |
| ISBN | 978-1-444-75720-0 |
| 082 ## - DEWEY DECIMAL CLASSIFICATION NUMBER | |
| Classification number | 823 |
| Item number | GRI/R |
| 100 ## - MAIN ENTRY--AUTHOR NAME | |
| Personal name | GRISHAM,JOHN |
| 245 ## - TITLE STATEMENT | |
| Title | THE RACKETEER |
| 250 ## - EDITION STATEMENT | |
| Edition statement | FIRST |
| 260 ## - PUBLICATION, DISTRIBUTION, ETC. (IMPRINT) | |
| Place of publication | LONDON |
| Name of publisher | HODDER &STOUGHTON |
| Year of publication | 2012 |
| 300 ## - PHYSICAL DESCRIPTION | |
| Number of Pages | 386 |
| 520 ## - SUMMARY, ETC. | |
| Summary, etc | "The Racketeer" by John Grisham is a tale of revenge and greed. Malcolm Bannister finds a way to gain a fortune at the expense of the federal government. Malcolm Bannister is a forty-three year old lawyer serving a ten year sentence for money laundering.<br/> |
| 650 ## - SUBJECT ADDED ENTRY--TOPICAL TERM | |
| Topical Term | NOVEL,ENGLISH |
| Geographic subdivision | LONDON |
| 942 ## - ADDED ENTRY ELEMENTS (KOHA) | |
| Koha item type | Books |
| Withdrawn status | Lost status | Collection code | Home library | Current library | Shelving location | Date acquired | Source of acquisition | Full call number | Accession Number | Koha item type |
|---|---|---|---|---|---|---|---|---|---|---|
| Fiction | Main Library | Main Library | SHELF-2-D ENGLIAH NOVELS FOR TEACHERS | 06/07/2013 | PURCHASE | 823 GRI/R | 07148 | Books |